| 000 | 01470nam a22002177a 4500 | ||
|---|---|---|---|
| 001 | 8738 | ||
| 003 | FISKH | ||
| 005 | 20251016110134.0 | ||
| 008 | 251016b cb ||||| |||| 00| 0 eng d | ||
| 020 | _a9789996358449 | ||
| 040 |
_aFISKH _beng _cFISKH _dFISKH |
||
| 082 | _a428.24 | ||
| 100 | _aFreeman, Donald | ||
| 245 |
_aDeveloping classroom English competence: _bLearning from the Vietnam experience / _c: Donald Freeman & Laura Le Dréan |
||
| 260 |
_aPhnom Penh : _bIDP, _c2017. |
||
| 300 |
_a94 pages : _bcolor illustrations ; _c21 cm |
||
| 520 | _aThis book explores how Vietnamese teachers of English develop their classroom English competence—the practical ability to use English effectively in teaching situations. Drawing from research and teacher experiences in Vietnam, it highlights the challenges faced by educators in using English as a medium of instruction while also supporting students’ language learning. The book presents case studies, reflective practices, and training frameworks that show how teachers improve their classroom communication skills through collaboration, professional development, and contextualized practice. It also discusses how cultural and educational contexts in Vietnam influence language teaching methods, and how teacher training can be adapted to local needs. | ||
| 650 |
_aTeacher development _v English proficiency _xVietnam education _yClassroom communication |
||
| 942 |
_2ddc _cBK _n0 |
||
| 999 |
_c8738 _d8738 |
||